000 00321nam a22001337a 4500
008 171018b xxu||||| |||| 00| 0 eng d
020 _a9780132338233
041 _aeng
080 _22ND
_a338
100 _a53
101 _aMEN
245 _aSTRATEGIC MANAGEMENT AND COMPETITIVE ADVANTAGE
_cBARNEY,J.B
942 _2udc
_cBK
999 _c34571
_d34571